Gender readings and resources for community : Base natural resource management researchers

में बचाया:
ग्रंथसूची विवरण
स्वरूप: पुस्तक
भाषा:Undetermined
प्रकाशित: Canada IDRC 1998
विषय:
टैग : टैग जोड़ें
कोई टैग नहीं, इस रिकॉर्ड को टैग करने वाले पहले व्यक्ति बनें!
Thư viện lưu trữ: Trung tâm Học liệu Trường Đại học Cần Thơ
LEADER 00520nam a2200181Ia 4500
001 CTU_160600
008 210402s9999 xx 000 0 und d
082 |a 658.3 
082 |b G325/Vol.1 
245 0 |a Gender readings and resources for community : 
245 0 |b Base natural resource management researchers 
245 0 |c Compiled by Sam Landon 
260 |a Canada 
260 |b IDRC 
260 |c 1998 
650 |a Personnel management 
904 |i Giang 
980 |a Trung tâm Học liệu Trường Đại học Cần Thơ